• 首页
  • 本馆介绍
  • 公告通知
  • 最新文献
  • 馆藏检索
  • 电子资源
  • 读者导购
  • 参考咨询
  • 我的图书馆
  • 登录
  • 详细信息显示
  • 放入我的书架
  • 预约/预借图书
  • 作者相关作品
  • 分类相关作品
  • 丛书相关作品
  • 出版社相关作品

书目信息

  • 表格格式
  • 工作单格式
  • 卡片格式
题名:
白马寺
    
 
作者: 金开诚, 主编 ;金诚 , 栾莉舒 摄影
分册:  
出版信息: 长春   吉林文史出版社  2010.5
页数: 120页, [2] 页图版
开本: 23cm
丛书名: 中国文化知识读本
单 册:
中图分类: B947
科图分类:
主题词: 佛教--寺庙--简介--洛阳市
电子资源:
ISBN: 978-7-5463-1674-1
000 01042nam0 2200301 450
001 2370897627
005 20231129035938.25
010    @a978-7-5463-1674-1@dCNY34.80
100    @a20100626d2010 em y0chiy0110 ea
101 0  @achi
102    @aCN@b220000
105    @aaf z 000yy
200 1  @a白马寺@ABai Ma Si@f主编金开诚@g编著栾莉舒
210    @a长春@c吉林文史出版社@d2010.5
215    @a120页, [2] 页图版@c图@d23cm
225 2  @a中国文化知识读本
314    @a版权页题:摄影金诚
330    @a本书在深入挖掘和整理中华优秀传统文化成果的同时,结合社会发展,注入了时代精神。书中优美生动的文字、简明通俗的语言、图文并茂的形式,内容包括:白马寺的兴建与历史沿革、白马寺高僧及庙会文化。
333    @a宗教感兴趣者
410  0 @12001 @a中国文化知识读本
517 1  @a白马寺@9bai ma si
606 0  @a佛教@x寺庙@x简介@y洛阳市
690    @aB947@v4
701  0 @a金开诚,@Ajin kai cheng@f1932-2008@4主编
702  0 @a金诚@Ajin cheng@4摄影
702  0 @a栾莉舒@Aluan li shu@4编著
801  0 @aCN@b91MARC@c20130904
905    @aZUCC@dB947@e1
    
    白马寺/主编金开诚/编著栾莉舒.-长春:吉林文史出版社,2010.5
    120页, [2] 页图版:图;23cm.-(中国文化知识读本)
    使用对象:宗教感兴趣者
    
    ISBN 978-7-5463-1674-1:CNY34.80
    本书在深入挖掘和整理中华优秀传统文化成果的同时,结合社会发展,注入了时代精神。书中优美生动的文字、简明通俗的语言、图文并茂的形式,内容包括:白马寺的兴建与历史沿革、白马寺高僧及庙会文化。
●
相关链接 在五车中查询图书 在当当中查询图书 在豆瓣中查询图书


正题名:白马寺     索取号:B947/1         预约/预借

序号 登录号 条形码 馆藏地/架位号 状态 备注
1 2001003757   2001003757   辽宁一、悦读混合/辽宁北配(第三批)/辽批61/ [索取号:B947/1] 在馆    
2 2001003758   2001003758   辽宁一、悦读混合/辽宁北配(第三批)/辽批61/ [索取号:B947/1] 在馆    
3 2001003759   2001003759   辽宁一、悦读混合/辽宁北配(第三批)/辽批61/ [索取号:B947/1] 在馆    
4 2001003760   2001003760   辽宁一、悦读混合/辽宁北配(第三批)/辽批61/ [索取号:B947/1] 在馆    
5 2001003761   2001003761   辽宁一、悦读混合/辽宁北配(第三批)/辽批61/ [索取号:B947/1] 在馆    
6 2001003762   2001003762   辽宁一、悦读混合/辽宁北配(第三批)/辽批61/ [索取号:B947/1] 在馆    
山东省滨州职业学院图书馆 欢迎您!
大连网信软件有限公司© 版权所有